| 000 | 00556nam a2200229 a 4500 | ||
|---|---|---|---|
| 001 | nice12345678 | ||
| 003 | IN_TiNIC | ||
| 005 | 20260116011415.0 | ||
| 008 | 070713s0000 teha grp 000 0 ara | ||
| 020 |
_a _c100 |
||
| 082 | 0 | 0 |
_a297.211 _bJAF |
| 100 | _aJaffar, Muhammad Sadiq | ||
| 245 | _aKitabur Tawhid | ||
| 260 |
_aTehran _bNo Publisher _c0000 |
||
| 300 | _a519p | ||
| 500 | _aincludes index and biblioraphy | ||
| 650 | _aIslam-Doctrines-Tawheed | ||
| 700 | 1 | _aJaffar, Muhammad Sadiq | |
| 902 | _bSRS | ||
| 942 | _cBK | ||
| 999 |
_c1257 _d1257 |
||